Logo BPK

Biblioteka

Politechniki Koszalińskiej

Physics of thin films : (Rekord nr 18585)

Szczegóły MARC
000 -ETYKIETA REKORDU
podpole kontrolne o stałej długości 00569nam a2200193 i 4500
001 - NUMER KONTROLNY REKORDU
pole kontrolne bg
020 ## - MIĘDZYNARODOWY ZNORMALIZOWANY NUMER KSIĄŻKI - ISBN
ISBN 012533009X
040 ## - ŹRÓDŁO KATALOGOWANIA
Instytucja, która utworzyła rekord BPK
041 ## - KOD JĘZYKA
Kod języka tekstu pol
080 ## - UNIWERSALNA KLASYFIKACJA DZIESIĘTNA - UKD
UKD 669:538.975
920 ## - Międzynarodowy znormalizowany numer książki – ISBN
ISBN 0-12-533009-X
008 - POLE O STAŁEJ DŁUGOŚCI - DANE KONTROLNE
podpole kontrolne o stałej długości s pl f |000 0 pol
245 #0 - TYTUŁ/ODPOWIEDZIALNOŚĆ
Tytuł Physics of thin films :
Ciąg dalszy tytułu advances in research and development. Vol.9 /
Pozostałe elementy strefy tytułu i oznaczenia odpowiedzialności ed. by Georg Hass, Maurice H. Francombe, Richard W. Hoffman.
260 ## - STREFA ADRESU WYDAWNICZEGO
Miejsce wydania New York :
Nazwa wydawcy/dystrybutora Academic Press,
Data publikacji, dystrybucji/powstania dokumentu 1977.
700 1# - HASŁO DODATKOWE - NAZWA OSOBOWA
Nazwa osobowa HASS, Georg
700 1# - HASŁO DODATKOWE - NAZWA OSOBOWA
Nazwa osobowa FRANCOMBE, Maurice H.
700 1# - HASŁO DODATKOWE - NAZWA OSOBOWA
Nazwa osobowa HOFFMAN, Richard W.
856 ## - LOKALIZACJA I DOSTĘP DO ELEKTRONICZNYCH DOKUMENTÓW ZDALNYCH
Link (URL) http://koha.tu.koszalin.pl/cgi-bin/koha/opac-detail.pl?biblionumber=18585
Tekst linku Katalog online BPK
942 ## - DODATKOWE ELEMENTY (KOHA)
Typ dokumentu Książka
Egzemplarze
Wycofany Status egzemplarza Uszkodzony Dostępność Lokalizacja stała Lokalizacja bieżąca Miejsce przechowywania Sygnatura Kod kreskowy Typ dokumentu
      Dostępny Biblioteka Politechniki Koszalińskiej Biblioteka Politechniki Koszalińskiej Wypożyczalnia BG 25918 02031705 Książka
© 2023 Biblioteka Politechniki Koszalińskiej :: KOHA